=LDR 00000nam 2200000 4500 =001 NUTBA000000000005676 =005 20141105134433.0 =006 =007 =008 =020 ##$$a 979-1212-14-7 =035 ##$$a 0010-111400000000155 =040 ##$$a NBPDMAT =082 ##$$a 636 =090 ##$$a 636 $b Ahm m =100 ##$$a Ahmad Said =245 ##$$a Membuat dan mengelola mesin tetas / Ahmad Said =250 ##$$a Cet.1 =260 ##$$a Jakarta : $b Dharma UtamaPublishing , $c 2010 =300 ##$$a 74lm. : $b ilus. ; $c 20 cm. =650 ##$$a Mesin Pengeram =850 ##$$a NBPDMAT =990 ##$$a 0001/BPAP-NTB/20142014 =990 ##$$a 0001/BPAP-NTB/20142014 =990 ##$$a 0001/BPAP-NTB/20142014 =990 ##$$a 0001/BPAP-NTB/20142014 =990 ##$$a 0001/BPAP-NTB/20142014 =990 ##$$a 0001/BPAP-NTB/20142014 =990 ##$$a 0001/BPAP-NTB/20142014